000 00831nam a22002537a 4500
003 OSt
005 20250714100553.0
008 250714b |||||||| |||| 00| 0 eng d
020 _a978-0-323-77670-7
040 _aDWC-Main Lib
_cOC
082 _aCirc. 618.92 H685w 2024
100 _aHockenberry, Marilyn J.
245 _aWong's nursing care of infants and children/
_cMarilyn J. Hockenberry [and two others]
250 _a12th edition
260 _aSingapore :
_bElsevier,
_cc2024.
300 _avolume 2, xxxi, 739-1442 pages :
_billustrations ;
_c28cm.
504 _aIncludes index.
650 _a1. Infants- Nursing
650 _a2. Nursing care of children
650 _a3. Pediatric nursing
700 _aDuffy, Elizabeth A.
700 _aGibbs, Karen Divalerio
942 _2ddc
_cBK-CIRC
_e12th edition
_kCirc.
_n0
999 _c3666
_d3666